Zahraničně obchodní politika České a Maďarské republiky
Česko a Maďarsko robia podobnú zahranično-obchodnú politiku. Začiatkom 90. rokov pokračujú v prijímaní opatrení nevyhnutných pre dokončenie procesu transformácie ekonomiky. Liberálna obchodná politika. Zapojenie sa do aktivít medzinárodných organizácií - IMF, Svetová banka, OECD a zvlášť WTO. Ekonom...
Salvato in:
| Autore principale: | |
|---|---|
| Natura: | Capitolo di libro |
| Lingua: | ceco |
| Soggetti: | |
| Tags: |
Nessun Tag, puoi essere il primo ad aggiungerne!!
|
MARC
| LEADER | 00000naa$a2200000$$$4500 | ||
|---|---|---|---|
| 001 | 0022304 | ||
| 005 | 20221207121956.7 | ||
| 041 | 0 | |a cze | |
| 044 | |a SK | ||
| 245 | 1 | 0 | |a Zahraničně obchodní politika České a Maďarské republiky |c Csaba Mező |
| 520 | |a Česko a Maďarsko robia podobnú zahranično-obchodnú politiku. Začiatkom 90. rokov pokračujú v prijímaní opatrení nevyhnutných pre dokončenie procesu transformácie ekonomiky. Liberálna obchodná politika. Zapojenie sa do aktivít medzinárodných organizácií - IMF, Svetová banka, OECD a zvlášť WTO. Ekonomické prostredie, obchodná politika oboch krajín v rokoch 1996-2000. Dohody a dohovory WTO. Regionálne obchodné dohody. Predpokladaný termín vstupu oboch krajín do EÚ. | ||
| 610 | 2 | 0 | |a Česko |
| 610 | 2 | 0 | |a Maďarsko |
| 610 | 2 | 0 | |a politika zahraničnoobchodná |
| 610 | 2 | 0 | |a predpisy colné |
| 610 | 2 | 0 | |a Svetová obchodná organizácia |
| 610 | 2 | 0 | |a Európska únia |
| 100 | 1 | |a Mező, Csaba | |